00325nam a2200133Ia 4500008004100000041000800041082001200049100001400061245002700075250000700102260003700109300003200146365001300178240624s9999 xx 000 0 und d aeng a658 SEG aSEGEV ELI aBUSINESS UNIT STRAREGY a11 c2000aEnglandbJohn Wiley & Sons axiii, : 223 : p. : cm. ; 22 cRSb33.5